Dining etiquettes: (Record no. 363)
[ view plain ]
| 000 -LEADER | |
|---|---|
| fixed length control field | 00593nam a22002057a 4500 |
| 005 - DATE AND TIME OF LATEST TRANSACTION | |
| control field | 20230606011648.0 |
| 008 - FIXED-LENGTH DATA ELEMENTS--GENERAL INFORMATION | |
| fixed length control field | 221212b |||||||| |||| 00| 0 eng d |
| 020 ## - INTERNATIONAL STANDARD BOOK NUMBER | |
| International Standard Book Number | 978-1-64172-187-5 |
| 082 ## - DEWEY DECIMAL CLASSIFICATION NUMBER | |
| Classification number | 395.54 N481 2019 |
| 100 ## - MAIN ENTRY--PERSONAL NAME | |
| Personal name | Newton, Arianna |
| Relator term | author |
| 245 ## - TITLE STATEMENT | |
| Title | Dining etiquettes: |
| Remainder of title | essential table manners / |
| Statement of responsibility, etc. | Arianna Newton |
| 260 ## - PUBLICATION, DISTRIBUTION, ETC. | |
| Place of publication, distribution, etc. | New York: |
| Name of publisher, distributor, etc. | Larsen & Keller, |
| Date of publication, distribution, etc. | c2019 |
| 300 ## - PHYSICAL DESCRIPTION | |
| Extent | [vii], 197p.: |
| Other physical details | col. ill. |
| 504 ## - BIBLIOGRAPHY, ETC. NOTE | |
| Bibliography, etc. note | Includes index |
| 541 ## - IMMEDIATE SOURCE OF ACQUISITION NOTE | |
| Accession number | 6422 |
| 650 ## - SUBJECT ADDED ENTRY--TOPICAL TERM | |
| Topical term or geographic name entry element | Table etiquette |
| 650 ## - SUBJECT ADDED ENTRY--TOPICAL TERM | |
| Topical term or geographic name entry element | Etiquette |
| 650 ## - SUBJECT ADDED ENTRY--TOPICAL TERM | |
| Topical term or geographic name entry element | Table setting and decoration |
| 650 ## - SUBJECT ADDED ENTRY--TOPICAL TERM | |
| Topical term or geographic name entry element | Food habits |
| Withdrawn status | Lost status | Source of classification or shelving scheme | Damaged status | Not for loan | Home library | Current library | Date acquired | Total Checkouts | Full call number | Barcode | Date last seen | Copy number | Price effective from | Koha item type |
|---|---|---|---|---|---|---|---|---|---|---|---|---|---|---|
| Dewey Decimal Classification | ctu-moalboal | ctu-moalboal | 09/11/2020 | 395.54 N481 2019 | 6422 | 12/12/2022 | 1 | 12/12/2022 | Books-Reference |